00717nam a2200229 a 4500001001300000003000900013005001700022008004100039020002200080082001600102100002500118245005300143260004500196300001000241500003500251650001700286700002500303902000800328942000700336952012700343999001700470nice12345678IN_TiNIC20260116014420.0050524s2003 kola grp 000 0 eng  a8187332263 c5000a291.4bANA2 aAnanda, Nitya-Swarup aEducation for Human Unity and World Civilization aKolkata bRamakrishna Mission Pub c2003 a117p  aincludes index and biblioraphy aSpirituality1 aAnanda, Nitya-Swarup bSRS cBK 001040708StackRoom-aHMIbHMId2005-01-01g50.00l1o291.4 ANA2p024721r2022-04-04s2022-03-23v50.00w2005-05-24yBK c15192d15192